000
00344nam a2200169Ia 4500
100
_a
Lee/Reymond S.T
650
_a
Fuzzy
942
_c
BK
366
_f
17.5
654
_a
fuzzy
245
_a
Fuzzy Neuro approach to agent applications
260
_b
Springer
_c
2006
082
_b
LEE
300
_a
374
546
_a
ENGLISH
999
_c
27875
_d
27875